000 00513nas a2200181 4500
001 000037137
003 DLC
005 20200930080150.0
008 120216c19949999dr mr1p dd 0 0spa d
040 _aDO-SdBNP
_bspa
_cBNPHU
043 _anwdr
245 0 0 _aNoticias CODETEL.
260 _aSanto Domingo :
_bCODETEL.
300 _av. :
_bil., retrs. ;
_c36 cm.
310 _aMensual
362 1 _aAño 20. no. 213 (Diciembre 1994)
500 _aCatalogación basada en el ejemplar año 20. no. 213 (Diciembre 1994)
999 _c36627
_d36627